| 000 | 00848nam0a22002411 4500 | ||
|---|---|---|---|
| 001 | rc\3012198 | ||
| 005 | 20110924054438.3 | ||
| 035 | _a(NLR Aleph) 007154660 | ||
| 090 |
_a7187329 _c7187329 |
||
| 100 | _a20050215d1940 |||y0rusy50 ca | ||
| 101 | 0 | _arus | |
| 102 | _aRU | ||
| 105 | _aa z ||||y | ||
| 200 | 1 |
_aИзготовление шаблонов _fА.М. Бушуев, рабочий автор _gПод ред. и с доп. технолога Б.А. Михайлова |
|
| 210 |
_aЛенинград _aМосква _cМашгиз _d1940 _eЛенинград |
||
| 215 |
_a84 с. _cил., черт. _d20 см |
||
| 700 | 1 |
_aБушуев _bА. М. _gАндрей Михайлович |
|
| 702 | 1 |
_aМихайлов _bБ. А. _4340 |
|
| 801 | 0 |
_aRU _bNLR _gpsbo |
|
| 801 | 1 |
_aRU _bELAR _2rusmarc |
|
| 852 |
_aNLR _j40-10/61 |
||
| 942 | _cBOOK | ||
| 980 | _aNB | ||